Silences articulés entre Lídia Jorge et Graça Morais (notice n° 1605534)
[ vue normale ]
| 000 -LEADER | |
|---|---|
| fixed length control field | 01657cam a2200181 4500500 |
| 005 - DATE AND TIME OF LATEST TRANSACTION | |
| control field | 20251228095056.0 |
| 041 ## - LANGUAGE CODE | |
| Language code of text/sound track or separate title | fre |
| 042 ## - AUTHENTICATION CODE | |
| Authentication code | dc |
| 100 10 - MAIN ENTRY--PERSONAL NAME | |
| Personal name | Levécot, Agnès |
| Relator term | author |
| 245 00 - TITLE STATEMENT | |
| Title | Silences articulés entre Lídia Jorge et Graça Morais |
| 260 ## - PUBLICATION, DISTRIBUTION, ETC. | |
| Date of publication, distribution, etc. | 2020.<br/> |
| 500 ## - GENERAL NOTE | |
| General note | 98 |
| 520 ## - SUMMARY, ETC. | |
| Summary, etc. | L’auteur tente de saisir la nature, la valeur et la force des silences qui imprègnent et articulent les œuvres de la peintre Graça Morais et de la romancière Lídia Jorge. Malgré les différences inhérentes à leur art, les deux artistes portugaises nous offrent une vision du monde à la fois propre à leurs origines et à toute une génération qui résiste à la vitesse et à la simplification. |
| 520 ## - SUMMARY, ETC. | |
| Summary, etc. | The author of this article seeks to understand the nature, value and force of the silences permeating and structuring the works of painter Graça Morais and novelist Lídia Jorge. Though the art of these two Portuguese women is essentially different, the vision of the world they convey is peculiar to their origins and to a whole generation that resists speed and simplification. |
| 520 ## - SUMMARY, ETC. | |
| Summary, etc. | A autora procura captar a natureza e a força dos silêncios que fecundam e estruturam a obra da pintora Graça Morais e da romancista Lídia Jorge. Apesar das diferenças inerentes a cada expressão artística, ambas oferecem uma visão do mundo simultaneamente marcada pelas suas origens e aberta a toda uma geração que resiste à imediatez e à simplificação. |
| 786 0# - DATA SOURCE ENTRY | |
| Note | Sigila | 44 | 2 | 2020-01-10 | p. 81-98 | 1286-1715 |
| 856 41 - ELECTRONIC LOCATION AND ACCESS | |
| Uniform Resource Identifier | <a href="https://shs.cairn.info/revue-sigila-2019-2-page-81?lang=fr&redirect-ssocas=7080">https://shs.cairn.info/revue-sigila-2019-2-page-81?lang=fr&redirect-ssocas=7080</a> |
Pas d'exemplaire disponible.




Réseaux sociaux